000 00629nam a2200229 a 4500
001 54313
003 BD-RjUL
005 20211209080113.0
008 161105s1951 enk 001 0 eng
035 _a(BD-RjUL)54435
040 _aDLC/ICU
_cICU
_dBD-RjUL
_beng
041 _aeng
082 0 0 _a512.9434
_223
_bFEF 1951
100 1 _aFerrar, W. L.
_q(William Leonard),
_d1893-
_9153617
245 1 0 _aFinite matrices/
_c W. L. Ferrar
260 _aOxford:
_bAt The Clarendon Press,
_c1951.
300 _avi,182p.;
_c23 cm.
500 _aIncludes index
650 0 _aMatrices.
_9118267
942 _2ddc
_cBK
999 _c54313
_d54313